| 000 | 00519nam a22001697a 4500 | ||
|---|---|---|---|
| 005 | 20231204072333.0 | ||
| 008 | 231204b |||||||| |||| 00| 0 eng d | ||
| 020 | _a0409004375 ; 0409004383 | ||
| 041 | _aEnglish | ||
| 082 | _a349 JOU | ||
| 100 |
_aJoubert, WA _lEnglish |
||
| 245 |
_aThe Law of South Africa / _cWA Joubert |
||
| 260 |
_aDurban : _bButterworth Publishers (Pty) Ltd, _c1997 |
||
| 300 |
_bx, 997 pages ; _c26 cm. |
||
| 650 |
_aLegal practice _bLaw |
||
| 942 |
_cBK _6ALISON_BN_VRIES |
||
| 999 |
_c1100 _d1100 |
||